Can You Name All The Characteristics Of Willow From Brawl Stars? - Statistics

General Stats
  • This quiz has been taken 2 times
  • The average score is 5 of 15
Answer Stats
Hint Answer % Correct
Rarity Mythic
100%
Buffies No
100%
Trait No
100%
Prestige Title Control Freak
50%
Class Controller
50%
Gadgets Dive
50%
Title Is In Your Head
50%
Voice Actor Emma Rae
0%
Super Hex
0%
Attack Lantern's Curse
0%
Star Power Love Is Blind
0%
Star Power Obsession
0%
Hypercharge Psychic Safety
0%
Gadgets Spellbound
0%
Trio Swanp of Love
0%
No matching quizzes found
Score Distribution
Percent of People with Each Score
Percentile by Number Answered
Your Score History
You have not taken this quiz